Current Top 20 Male Tennis Players in the World - Statistics

General Stats
  • This quiz has been taken 13 times
  • The average score is 7 of 20
Answer Stats
Hint Answer % Correct
1 Jannik Sinner
100%
2 Carlos Alcaraz
92%
4 Novak Djokovic
83%
3 Alexander Zverev
50%
6 Ben Shelton
50%
10 Daniil Medvedev
50%
7 Taylor Fritz
50%
8 Alex de Minaur
33%
5 Felix Auger-Aliassime
33%
9 Lorenzo Musetti
33%
11 Alexander Bublik
25%
12 Andrey Rublev
25%
13 Flavio Cobolli
25%
18 Tommy Paul
25%
15 Casper Ruud
17%
17 Valentin Vacherot
17%
19 Frances Tiafoe
8%
14 Jiri Lehecka
8%
16 Karen Khachanov
8%
20 Francisco Cerundolo
0%
No matching quizzes found
Score Distribution
Percent of People with Each Score
Percentile by Number Answered
Your Score History
You have not taken this quiz